[Event "Aracaju op"]
[White "Belo, Calebe de Sousa"]
[Black "Aragao, Maria Vitoria Santo"]
[Site "Aracaju"]
[Round "5"]
[Result "0-1"]
[Date "2024.10.20"]
[WhiteElo "1800"]
[BlackElo "1750"]
[PlyCount "111"]
[EventDate "2024.10.18"]
[EventType "swiss"]
[EventRounds "6"]
[EventCountry "BRA"]
[SourceTitle "CB44_2024"]
[Source "Chessbase"]
[SourceDate "2024.10.30"]
[SourceVersion "1"]
[SourceVersionDate "2024.10.30"]
[SourceQuality "1"]

1. e4 e5 2. d3 Nc6 3. Nf3 Nf6 4. Be2 d6 5. Be3 Be7 6. Nbd2 0-0 7. c3 d5 8. Nf1 dxe4 9. dxe4 Qxd1+ 10. Rxd1 Nxe4 11. N1d2 Nxd2 12. Rxd2 Be6 13. b3 e4 14. Nd4 Nxd4 15. Bxd4 Rfd8 16. 0-0 Bg5 17. f4 exf3 18. Rb2 fxe2 19. Re1 Bd7 20. Rbxe2 b6 21. a4 Re8 22. Be5 c6 23. h3 f6 24. Bg3 Rxe2 25. Rxe2 Kf7 26. h4 Bg4 27. Re4 Bf5 28. Rc4 Be3+ 29. Kh2 c5 30. b4 Be6 31. Re4 Bd2 32. bxc5 bxc5 33. c4 Ba5 34. Bd6 Rc8 35. h5 Bc7 36. Bxc7 Rxc7 37. g4 Rb7 38. Rf4 h6 39. Kh3 Rb4 40. a5 Bxc4 41. Kg3 Be6 42. Kf3 Rb5 43. Ke3 Rxa5 44. Kd3 c4+ 45. Kc3 Ra1 46. Rd4 Rg1 47. Rd6 Rxg4 48. Ra6 Bd5 49. Rxa7+ Ke6 50. Ra6+ Ke5 51. Ra5 f5 52. Rb5 f4 53. Rb1 Rg3+ 54. Kc2 f3 55. Rf1 Rg2+ 56. Kd1 0-1